| 000 | 00890nam a22002777a 4500 | ||
|---|---|---|---|
| 003 | CHAP | ||
| 005 | 20220329140005.0 | ||
| 008 | 971013s r 00010 d | ||
| 010 | _a45153 | ||
| 011 | _a46125 | ||
| 035 | _a50265 | ||
| 040 | _cCHAP | ||
| 090 | _aFolleto 5864 | ||
| 110 |
_aUniversidad Nacional Autónoma de México. Instituto de Geofísica _9116547 |
||
| 245 | _aInforme preliminar sobre el temblor de tierra de Petatlán, México del 14 de mayo de 1979 | ||
| 260 |
_a(s.l. : _bs.e.), _c(s.a.) |
||
| 300 | _a16 h. | ||
| 590 |
_aBATCH-UPD _b10 _c20130110 _lUCH01 _h2321 |
||
| 590 |
_aBATCH-UPD _b10 _c20130410 _lUCH01 _h1611 |
||
| 590 |
_aBATCH-UPD _b10 _c20130914 _lUCH01 _h2025 |
||
| 590 |
_aCONVERSION _b10 _c20130109 _lUCH01 _h1325 |
||
| 650 | 1 | 4 |
_aSismos _xMéxico. _9106697 |
| 901 | _aBK | ||
| 942 | _cFOLL | ||
| 949 |
_aFolleto 5864 _bBC _cFOLL _d-112994 _eTS1 _i50265 _mD _si |
||
| 999 |
_c45153 _d45153 |
||